Managing the farm business
This text has been prepared primarily for students in vocational agriculture in secondary schools and for students in junior colleges and agricultural institutes.
Đã lưu trong:
| 主要作者: | |
|---|---|
| 格式: | 圖書 |
| 語言: | Undetermined |
| 出版: |
New York
John Wiley
1955
|
| 主題: | |
| 標簽: |
添加標簽
沒有標簽, 成為第一個標記此記錄!
|
| Thư viện lưu trữ: | Trung tâm Học liệu Trường Đại học Cần Thơ |
|---|
| LEADER | 00671nam a2200193Ia 4500 | ||
|---|---|---|---|
| 001 | CTU_12134 | ||
| 008 | 210402s9999 xx 000 0 und d | ||
| 082 | |a 338.13 | ||
| 082 | |b B464 | ||
| 100 | |a Beneke, Raymond R. | ||
| 245 | 0 | |a Managing the farm business | |
| 245 | 0 | |c Raymond R. Beneke | |
| 260 | |a New York | ||
| 260 | |b John Wiley | ||
| 260 | |c 1955 | ||
| 520 | |a This text has been prepared primarily for students in vocational agriculture in secondary schools and for students in junior colleges and agricultural institutes. | ||
| 650 | |a Farm management,Quản lý nông tại | ||
| 904 | |i Qhieu | ||
| 980 | |a Trung tâm Học liệu Trường Đại học Cần Thơ | ||